000 00472nam a2200169Ia 4500
001 2661
003 IN-NITTTR
005 20251114232934.0
008 251113s9999||||xx |||||||||||||| ||eng||
040 _beng
040 _cIN-NITTTR
041 _aeng
082 _a721.3 D249M
100 _aModular Building Standards Association,
245 0 _aModular practice :
_b the schoolhouse and the building industry. /
_cModular Building Standards Association
942 _2ddc
_cBK
999 _c4223
_d4223